| 000 | 00816 a2200253 4500 | ||
|---|---|---|---|
| 005 | 20260624090016.0 | ||
| 020 | _a0890043426 | ||
| 050 | 0 | 0 |
_aRC655.5 _bTHY 1990 |
| 245 | 0 | 4 |
_aThe Thyroid gland / _ceditor, Michel De Visscher. |
| 264 |
_aNew York : _bRaven Place. _c1990. |
||
| 300 |
_axiii, 537 pages : _billustrations ; |
||
| 336 |
_atext _btxt _2rdacontent |
||
| 337 |
_aunmediated _bn _2rdamedia |
||
| 338 |
_avolume _bnc _2rdacarrier |
||
| 440 | 0 | _aComprehensive endocrinology | |
| 504 | _aIncludes bibliographies and index. | ||
| 650 | 0 |
_aThyroid gland _xDiseases. |
|
| 650 | 0 | _aThyroid gland. | |
| 650 | 2 | _aThyroid gland. | |
| 650 | 2 | _aThyroid diseases. | |
| 700 | 1 |
_aVisscher, Michel de. _eEditor |
|
| 942 |
_2lcc _cBK _h655.5 _iTHY _kRC |
||
| 999 |
_c12172 _d12172 |
||